000 00693nam a2200301Ia 4500
005 20260401122431.0
008 008 250103s9999 xx 000 0 eng d
020 _a9780615149752
037 _aTB
040 _aEDL
040 _beng
040 _cEDL
041 _2eng
041 _aeng
084 _a822.7 SHE
084 _qEDL
100 _aShelley, P_ercy Bysshe
_91233606
245 0 _aPrometheus Unbound : Lyrical Drama in four acts
245 0 _cShelley, P_ercy Bysshe
260 _aLos Angeles
260 _bBlack Box Press
260 _c2007
300 _a97p
942 _cTB
942 _h822.7 SHE
999 _c1847242
_d1847242